Slovník česko-německý

Uložené v:
Podrobná bibliografia
Hlavný autor: Jungman, Josef
Médium: Kniha
Jazyk:Czech
German
Vydavateľské údaje: Praha Academia 1989
Vydanie:1. vyd.
Tagy: Pridať tag
Žiadne tagy, Buďte prvý, kto otaguje tento záznam!

MARC

LEADER 00000nam a2200000 4500
001 c032189
005 20221215120707.9
041 0 |a cze 
041 0 |a ger 
044 |a CZ 
245 1 0 |a Slovník česko-německý  |c Josef Jungman 
250 |a 1. vyd. 
264 1 |a Praha  |b Academia  |c 1989 
300 |a 852 s. 
100 1 |a Jungman, Josef